[Event "LLO18/19"]
[Site "Mecklenburg-Vorpommern"]
[Date "2019.04.07"]
[Round "9.2"]
[White "Rossmann, Andreas"]
[Black "Horch, Helmut"]
[Result "1/2-1/2"]
[WhiteElo "1920"]
[BlackElo "1760"]
[PlyCount "102"]
[EventDate "2018.??.??"]
[EventType "team-tourn"]
[EventRounds "9"]
[EventCountry "GER"]
[WhiteTeam "SG Neubrandenburg"]
[BlackTeam "Seehotel Binz"]
[WhiteTeamCountry "GER"]
[BlackTeamCountry "GER"]

1. Nf3 e6 2. d4 d5 3. g3 Nf6 4. Bg2 Be7 5. O-O O-O 6. b3 Nbd7 7. Bb2 Ne4 8.
Nbd2 f5 9. e3 b6 10. c4 a5 11. Rc1 Ba6 12. Ne5 Ndf6 13. Nc6 Qd7 14. Nxe7+ Qxe7
15. f3 Nxd2 16. Qxd2 c6 17. Rfd1 Rac8 18. c5 Qc7 19. cxb6 Qxb6 20. Ba3 Rfe8 21.
Rc5 Bb5 22. Bb2 Nd7 23. a4 Nxc5 24. dxc5 Qxc5 25. axb5 cxb5 26. f4 b4 27. Bf1
Qb6 28. Bd4 Qc6 29. Bd3 Qd6 30. Ra1 Ra8 31. Qb2 Qd7 32. Qe2 Rec8 33. g4 Rc7 34.
Be5 Rc5 35. gxf5 exf5 36. Qh5 Rf8 37. Bd4 Rcc8 38. Rxa5 Rc1+ 39. Kf2 g6 40. Qf3
Rd8 41. Bf6 Rc3 42. Bxc3 bxc3 43. Ra4 Qc6 44. Bc2 Qc5 45. Qd1 Qe7 46. Rd4 Qh4+
47. Kg2 Re8 48. Qf3 Qe1 49. Qxd5+ Kg7 50. Qd7+ Kh6 51. Qxe8 Qe2+ 1/2-1/2

[Event "LLO18/19"]
[Site "Mecklenburg-Vorpommern"]
[Date "2019.04.07"]
[Round "9.3"]
[White "Oergel, Ullrich"]
[Black "Pruesse, Horst"]
[Result "1/2-1/2"]
[WhiteElo "1738"]
[BlackElo "1936"]
[PlyCount "91"]
[EventDate "2018.??.??"]
[EventType "team-tourn"]
[EventRounds "9"]
[EventCountry "GER"]
[WhiteTeam "Seehotel Binz"]
[BlackTeam "SG Neubrandenburg"]
[WhiteTeamCountry "GER"]
[BlackTeamCountry "GER"]

1. c4 e5 2. Nc3 Nc6 3. g3 f5 4. Bg2 Nf6 5. e3 Bb4 6. Nge2 O-O 7. O-O d6 8. a3
Bxc3 9. Nxc3 Qe8 10. b3 Kh8 11. d3 Nd8 12. Rb1 g5 13. Nd5 Ne6 14. Nxf6 Rxf6 15.
f4 g4 16. Bb2 Nd8 17. fxe5 dxe5 18. e4 Nf7 19. exf5 Rxf5 20. Qe2 c6 21. Rxf5
Bxf5 22. Re1 Qd7 23. Bxe5+ Nxe5 24. Qxe5+ Kg8 25. d4 Bc2 26. d5 Bxb3 27. dxc6
bxc6 28. Qg5+ Kh8 29. Qf6+ Qg7 30. Qxg7+ Kxg7 31. c5 Bd5 32. Re7+ Kg6 33. Bxd5
cxd5 34. Rd7 Rb8 35. Rxd5 Rb1+ 36. Kg2 Rc1 37. Rd6+ Kf5 38. Rd7 Rxc5 39. Rxh7
Rc2+ 40. Kf1 a6 41. Rh6 Ke4 42. Re6+ Kd3 43. Rd6+ Ke3 44. Re6+ Kd3 45. Rd6+ Ke3
46. Re6+ 1/2-1/2

[Event "LLO18/19"]
[Site "Mecklenburg-Vorpommern"]
[Date "2019.04.07"]
[Round "9.4"]
[White "Baier, Karsten"]
[Black "Ilanz, Kazimierz"]
[Result "1-0"]
[WhiteElo "1875"]
[BlackElo "1570"]
[PlyCount "117"]
[EventDate "2018.??.??"]
[EventType "team-tourn"]
[EventRounds "9"]
[EventCountry "GER"]
[WhiteTeam "SG Neubrandenburg"]
[BlackTeam "Seehotel Binz"]
[WhiteTeamCountry "GER"]
[BlackTeamCountry "GER"]

1. d4 d5 2. c4 c6 3. e3 Nf6 4. Nc3 e6 5. Bd3 Be7 6. Bd2 Nbd7 7. Nge2 O-O 8. O-O
Re8 9. a3 dxc4 10. Bxc4 Nb6 11. Ba2 Nbd5 12. Qc2 Bd7 13. e4 Nxc3 14. Bxc3 Rc8
15. Rad1 Qc7 16. Bb1 g6 17. h3 Nh5 18. Qd2 Bf8 19. e5 Rcd8 20. b4 b6 21. f4 Bc8
22. Be4 Ba6 23. Kh2 Bh6 24. Bd3 Bxd3 25. Qxd3 Bf8 26. g4 Ng7 27. Ng3 Qc8 28.
Ne4 Kh8 29. Qg3 Be7 30. Nf6 Rf8 31. Ne4 Rd5 32. Rd3 Rfd8 33. Rfd1 Qa6 34. Bb2
Qb7 35. Qg2 Qd7 36. Nc3 Qb7 37. Nxd5 cxd5 38. Rc1 Ne8 39. Rdc3 Kg7 40. Qc2 Qa6
41. Qd3 Qb7 42. Qb5 Kf8 43. Qd3 Qd7 44. b5 Rb8 45. a4 Kg7 46. Ba3 Bd8 47. Qc2
Rb7 48. Rc6 Bc7 49. Qc3 Bd8 50. Qb4 Be7 51. Qxe7 Qxe7 52. Bxe7 Rxe7 53. Rc8 h6
54. Ra8 f6 55. Rcc8 Kf7 56. Rxe8 Rxe8 57. Rxa7+ Re7 58. Rxe7+ Kxe7 59. exf6+
1-0

[Event "LLO18/19"]
[Site "Mecklenburg-Vorpommern"]
[Date "2019.04.07"]
[Round "9.5"]
[White "Breitenfeldt, Ulrich"]
[Black "Kunow, Frank"]
[Result "0-1"]
[WhiteElo "1422"]
[BlackElo "1891"]
[PlyCount "76"]
[EventDate "2018.??.??"]
[EventType "team-tourn"]
[EventRounds "9"]
[EventCountry "GER"]
[WhiteTeam "Seehotel Binz"]
[BlackTeam "SG Neubrandenburg"]
[WhiteTeamCountry "GER"]
[BlackTeamCountry "GER"]

1. Nf3 g6 2. e4 Bg7 3. d4 d6 4. Bc4 e6 5. Bg5 Ne7 6. Nc3 h6 7. Be3 a6 8. O-O
O-O 9. Qd2 Kh7 10. h3 d5 11. Bd3 dxe4 12. Nxe4 Nd5 13. c3 f5 14. Bxh6 Bxh6 15.
Neg5+ Kg7 16. Rae1 Qf6 17. h4 Nc6 18. Qd1 Nd8 19. Qb3 Nf4 20. Bc2 Nf7 21. Nxf7
Rxf7 22. c4 b6 23. g3 Nh5 24. d5 Kh7 25. Re2 Ng7 26. Rfe1 exd5 27. cxd5 Bd7 28.
Ne5 Re7 29. Nxd7 Rxd7 30. Qf3 Rf8 31. Rf1 Re7 32. b3 Rfe8 33. Rxe7 Qxe7 34. Qc3
Qe5 35. Qd3 Qe2 36. Qc3 Re7 37. Bd3 Qd2 38. Qd4 Re4 0-1

[Event "LLO18/19"]
[Site "Mecklenburg-Vorpommern"]
[Date "2019.04.07"]
[Round "9.6"]
[White "Witkowski, Rainer"]
[Black "Koesterke, Klaus"]
[Result "1-0"]
[WhiteElo "1819"]
[BlackElo "1476"]
[PlyCount "57"]
[EventDate "2018.??.??"]
[EventType "team-tourn"]
[EventRounds "9"]
[EventCountry "GER"]
[WhiteTeam "SG Neubrandenburg"]
[BlackTeam "Seehotel Binz"]
[WhiteTeamCountry "GER"]
[BlackTeamCountry "GER"]

1. e4 c5 2. c3 e5 3. d4 cxd4 4. cxd4 exd4 5. Nf3 Nc6 6. Bc4 h6 7. O-O Qe7 8.
Nxd4 Nxd4 9. Qxd4 Qc5 10. Qd3 Qd6 11. Bd5 Nf6 12. Nc3 a6 13. Qf3 Qe5 14. Bf4
Qh5 15. e5 Qxf3 16. Bxf3 Nh7 17. Nd5 Kd8 18. Nb6 Rb8 19. Rfc1 Be7 20. Nxc8 Bg5
21. Bxg5+ Nxg5 22. Nd6 Nxf3+ 23. gxf3 Ke7 24. Rc7 b5 25. Rd1 Ke6 26. Kg2 g5 27.
Ne4 Rhd8 28. Rd6+ Kxe5 29. Rc5+ 1-0

[Event "LLO18/19"]
[Site "Mecklenburg-Vorpommern"]
[Date "2019.04.07"]
[Round "9.7"]
[White "Mueller, Wilfried"]
[Black "Sommer, Hans Hermann"]
[Result "0-1"]
[WhiteElo "1350"]
[BlackElo "1708"]
[PlyCount "108"]
[EventDate "2018.??.??"]
[EventType "team-tourn"]
[EventRounds "9"]
[EventCountry "GER"]
[WhiteTeam "Seehotel Binz"]
[BlackTeam "SG Neubrandenburg"]
[WhiteTeamCountry "GER"]
[BlackTeamCountry "GER"]

1. e4 e5 2. Nf3 Nc6 3. d4 exd4 4. Nxd4 Nf6 5. Nxc6 bxc6 6. Bg5 h6 7. Bxf6 Qxf6
8. c3 Bc5 9. Qc2 O-O 10. Bd3 d5 11. O-O Qg5 12. Kh1 Bd6 13. g3 Qh5 14. Be2 Qh3
15. Nd2 f5 16. exd5 cxd5 17. Bf3 c6 18. Bg2 Qh5 19. f4 Ba6 20. Rfe1 Rae8 21.
Nf3 Qf7 22. Rxe8 Rxe8 23. Nd4 Bc5 24. Qxf5 Bb7 25. Qxf7+ Kxf7 26. Nf3 Re2 27.
Rb1 a5 28. Ne5+ Ke7 29. Nd3 Bd6 30. Re1 Rxe1+ 31. Nxe1 a4 32. Bf1 a3 33. b3 Bc8
34. Bd3 Bg4 35. b4 c5 36. bxc5 Bxc5 37. Kg2 Be6 38. Bb1 d4 39. cxd4 Bxd4 40.
Nc2 Bd5+ 41. Kh3 Bc5 42. Ne1 Kd6 43. Kg4 Bd4 44. Nc2 Bb2 45. Ne3 Be6+ 46. Kf3
Kc5 47. g4 Kb4 48. f5 Bf7 49. h4 Bc1 50. Nc2+ Kc3 51. Ne3 Kb2 52. Bd3 Bxe3 53.
Kxe3 Bxa2 54. Kd2 Bf7 0-1

[Event "LLO18/19"]
[Site "Mecklenburg-Vorpommern"]
[Date "2019.04.07"]
[Round "9.8"]
[White "Friedrich, Joerg"]
[Black "Staudinger, Karl"]
[Result "1-0"]
[WhiteElo "1570"]
[BlackElo "1058"]
[PlyCount "31"]
[EventDate "2018.??.??"]
[EventType "team-tourn"]
[EventRounds "9"]
[EventCountry "GER"]
[WhiteTeam "SG Neubrandenburg"]
[BlackTeam "Seehotel Binz"]
[WhiteTeamCountry "GER"]
[BlackTeamCountry "GER"]

1. e4 g6 2. f4 e6 3. Nf3 a6 4. Be2 Nf6 5. e5 Nd5 6. d4 d6 7. c4 Nb6 8. O-O dxe5
9. fxe5 Bd7 10. Ng5 Bg7 11. Nxf7 Qc8 12. Nxh8 Bxh8 13. Bd3 Nc6 14. Qf3 Bg7 15.
Qf7+ Kd8 16. Bg5+ 1-0